No sé si he sido claro y otros cuentos / (Registro nro. 3045)
[ vista simple ]
| 000 -LEADER | |
|---|---|
| fixed length control field | 01413nam a2200205 a 4500 |
| 008 - CAMPO DE CONTROL (LIBRO) | |
| fixed length control field | 190916s20 ag ||||gr|||| 000 f spa d |
| 020 ## - INTERNATIONAL STANDARD BOOK NUMBER | |
| ISBN | 9789504936701 |
| 041 ## - CODIGO DE IDIOMA | |
| Código de idioma del texto/pista de sonido o título separado | spa |
| 092 ## - SIGNATURA TOPOGRAFICA DEWEY LOCAL | |
| número de clasificación | 808 |
| libristica | 26 |
| sección | FON |
| 100 1# - ENTRADA PRINCIPAL--NOMBRE PERSONAL | |
| Nombre personal | Fontanarrosa, Roberto. |
| 9 (RLIN) | 4089 |
| 245 ## - TITULO PROPIAMENTE DICHO | |
| Título | No sé si he sido claro y otros cuentos / |
| Mención de responsabilidad y remanente de la transcripción de la portada | Roberto Fontanarrosa. |
| 250 ## - MENCION DE EDICION | |
| Mención de edición | 2a ed. |
| 260 ## - PIE DE IMPRENTA | |
| Lugar de publicación, distribución, etc | Buenos Aires: |
| Nombre de la editorial, distribuidor, etc | Planeta; |
| Fecha de publicación | 2015. |
| 300 ## - DESCRIPCION FISICA | |
| Extension | 264 p. |
| Otros detalles físicos | 21x13cm |
| 500 ## - NOTA GENERAL | |
| Nota general | Fontanarrosa, R. (2015). No se si he sido claro y otros cuentos. (2a ed.). Buenos Aires : Planeta. |
| 505 ## - NOTA DE CONTENIDO | |
| Nota de contenido formateada | "Esa vez que Gardel vino a Rosario fuimos a verlo con mi amigo el Flaco Octavio, mamá y el tío Eugenio, al tío hubo que insistirle bastante para convencerlo. Él decía que le gustaba mucho la música,pero siempre había que rogarle para cualquier cosa. Era una de esas personas que se complacían en que le insistieran". "Te digo más", "Ustedes no me lo va a creer", "No sé si he sido claro" son expresiones diarias que se repiten una y otra vez. y fue "el Negro" quien logró captar, como ningún otro, con humildad y maestría, el sentimiento popular frente a las cinco cosas a las que pareciera reducirse la vida: el amor, la amistad, la pasión, la locura y la muerte. No sé si he sido claro y otros cuentos es el segundo libro de relatos de Fontanarrosa. |
| 590 ## - NOTAS LOCALES (RLIN) | |
| Nota local | Donación septiembre 2019. |
| 655 ## - MATERIA - GENERO/FORMA | |
| Género/Forma | Literatura |
| -- | 2917 |
| 942 ## - ADDED ENTRY ELEMENTS (KOHA) | |
| Source of classification or shelving scheme | Dewey Decimal Classification |
| Item type | LITERATURA |
| Estado de retiro | Existencia | Fuente de clasificación | Estado general | No para prestamo | Ubicación permanente | ubicación actual | Sala de ubicación | Fecha de adquisición | Fuente de adquisición | Total Checkouts | Número de clasificación | Código de barras | Date last seen | Número de ejemplar | Price effective from | Koha tipo de elemento (item) | Public note |
|---|---|---|---|---|---|---|---|---|---|---|---|---|---|---|---|---|---|
| Dewey Decimal Classification | Biblioteca Medicina | Biblioteca Medicina | Circulación | 16/09/2019 | Donación septiembre 2019. | 808 26 FON | 4578 | 16/09/2019 | Ej. 1 | 16/09/2019 | LITERATURA | Proyecto 4to libro Donación . Septiembre 2019. |